Welcome to the Holygrace Academy Library

Please use search bar below to get started

WORLD'S GREATEST PUZZLES (Record no. 6690)

MARC details
000 -LEADER
fixed length control field 00486nam a22001457a 4500
020 ## - INTERNATIONAL STANDARD BOOK NUMBER
ISBN 81-222-8174-1
082 ## - DEWEY DECIMAL CLASSIFICATION NUMBER
Classification number COI
Item number BAN/W
100 ## - MAIN ENTRY--AUTHOR NAME
Personal name BARYTOWNSEND, CHARLES
245 ## - TITLE STATEMENT
Title WORLD'S GREATEST PUZZLES
260 ## - PUBLICATION, DISTRIBUTION, ETC. (IMPRINT)
Place of publication NEW DELHI
Name of publisher STERLING PUBLISHING HOUSE
Year of publication 2000
300 ## - PHYSICAL DESCRIPTION
Number of Pages 126
520 ## - SUMMARY, ETC.
Summary, etc A puzzle is a game, problem, or toy that tests a person's ingenuity or knowledge. In a puzzle, the solver is expected to put pieces together (or take them ...
650 ## - SUBJECT ADDED ENTRY--TOPICAL TERM
Topical Term PUZZLES
942 ## - ADDED ENTRY ELEMENTS (KOHA)
Koha item type Books
Holdings
Withdrawn status Lost status Collection code Home library Current library Shelving location Date acquired Source of acquisition Cost, normal purchase price Full call number Accession Number Koha item type
    G.K Main Library Main Library SHELF-17C--MATHS RELATED QUIZ BOOK 17/05/2024 Purchase 45.00 COI BAN/W 01001 Books